<?xml version="1.0" encoding="UTF-8"?>
<record
    xmlns:xsi="http://www.w3.org/2001/XMLSchema-instance"
    xsi:schemaLocation="http://www.loc.gov/MARC21/slim http://www.loc.gov/standards/marcxml/schema/MARC21slim.xsd"
    xmlns="http://www.loc.gov/MARC21/slim">

  <leader>01342nam a2200349Ia 4500</leader>
  <controlfield tag="001">006839</controlfield>
  <controlfield tag="008">221003s1992    xx            000 0 spa d</controlfield>
  <datafield tag="035" ind1=" " ind2=" ">
    <subfield code="a">CENDO_10979</subfield>
  </datafield>
  <datafield tag="041" ind1=" " ind2=" ">
    <subfield code="a">spa</subfield>
    <subfield code="b"></subfield>
  </datafield>
  <datafield tag="084" ind1=" " ind2=" ">
    <subfield code="a">FP-00004-00008</subfield>
  </datafield>
  <datafield tag="100" ind1=" " ind2=" ">
    <subfield code="a">LOPEZ CUBRE, Lourdes</subfield>
    <subfield code="9">10979</subfield>
  </datafield>
  <datafield tag="245" ind1=" " ind2="0">
    <subfield code="a">&lt;La&gt; instrucci&#xF3;n sobre recursos :</subfield>
    <subfield code="b"> de la advertencia del Recurso de Casaci&#xF3;n para la Unificaci&#xF3;n de Doctrina en las sentencias en suplicaci&#xF3;n de los Tribunales Superiores de Justicia /</subfield>
    <subfield code="c">Lourdes L&#xF3;pez Cumbre, Mar&#xED;a Magdalena Nogueira Guastavino</subfield>
  </datafield>
  <datafield tag="260" ind1=" " ind2=" ">
    <subfield code="a">[S.l. :</subfield>
    <subfield code="b">s.n.],</subfield>
    <subfield code="c">1992</subfield>
  </datafield>
  <datafield tag="300" ind1=" " ind2=" ">
    <subfield code="a">44 h.   ;</subfield>
    <subfield code="c"> 30 cm</subfield>
  </datafield>
  <datafield tag="490" ind1=" " ind2=" ">
    <subfield code="a">&lt;El&gt; Recurso de Casaci&#xF3;n para la Unificaci&#xF3;n de la Doctrina</subfield>
  </datafield>
  <datafield tag="650" ind1=" " ind2=" ">
    <subfield code="a">DERECHO DEL TRABAJO</subfield>
    <subfield code="9">37</subfield>
  </datafield>
  <datafield tag="650" ind1=" " ind2=" ">
    <subfield code="a">SENTENCIA JUDICIAL</subfield>
    <subfield code="9">597</subfield>
  </datafield>
  <datafield tag="650" ind1=" " ind2=" ">
    <subfield code="a">ESPA&#xD1;A</subfield>
    <subfield code="9">9</subfield>
  </datafield>
  <datafield tag="650" ind1=" " ind2=" ">
    <subfield code="a">DOCUMENTO DE CONFERENCIA</subfield>
    <subfield code="9">310</subfield>
  </datafield>
  <datafield tag="650" ind1=" " ind2=" ">
    <subfield code="a">CONFERENCIA</subfield>
    <subfield code="9">311</subfield>
  </datafield>
  <datafield tag="650" ind1=" " ind2=" ">
    <subfield code="a">TRIBUNAL SUPERIOR DE JUSTICIA</subfield>
    <subfield code="9">10980</subfield>
  </datafield>
  <datafield tag="700" ind1=" " ind2=" ">
    <subfield code="a">NOGUEIRA GUASTAVINO, Magdalena</subfield>
    <subfield code="9">4862</subfield>
  </datafield>
  <datafield tag="710" ind1=" " ind2=" ">
    <subfield code="a">ASOCIACION ESPA&#xD1;OLA DE DERECHO DEL TRABAJO Y DE LA SEGURIDAD SOCIAL</subfield>
    <subfield code="9">333</subfield>
  </datafield>
  <datafield tag="711" ind1=" " ind2=" ">
    <subfield code="a">CONGRESO NACIONAL DE DERECHO DEL TRABAJO Y DE LA SEGURIDAD SOCIAL</subfield>
    <subfield code="n">3&#xBA;</subfield>
    <subfield code="d">(1992 :</subfield>
    <subfield code="c">Alicante)</subfield>
    <subfield code="9">10970</subfield>
  </datafield>
  <datafield tag="901" ind1=" " ind2=" ">
    <subfield code="a">1</subfield>
  </datafield>
  <datafield tag="903" ind1=" " ind2=" ">
    <subfield code="a">NO</subfield>
  </datafield>
  <datafield tag="904" ind1=" " ind2=" ">
    <subfield code="a">000</subfield>
  </datafield>
  <datafield tag="953" ind1=" " ind2=" ">
    <subfield code="d">2002-12-16</subfield>
    <subfield code="y">DOCUMENTO</subfield>
    <subfield code="o">FP-00004-00008</subfield>
  </datafield>
  <datafield tag="999" ind1=" " ind2=" ">
    <subfield code="c">10978</subfield>
    <subfield code="d">10978</subfield>
  </datafield>
  <datafield tag="910" ind1=" " ind2=" ">
    <subfield code="a">1992</subfield>
  </datafield>
  <datafield tag="942" ind1=" " ind2=" ">
    <subfield code="c">DOCUMENTO</subfield>
  </datafield>
  <datafield tag="952" ind1=" " ind2=" ">
    <subfield code="0">0</subfield>
    <subfield code="1">0</subfield>
    <subfield code="4">0</subfield>
    <subfield code="7">0</subfield>
    <subfield code="a">CENDO</subfield>
    <subfield code="b">CENDO</subfield>
    <subfield code="d">2002-12-16</subfield>
    <subfield code="l">0</subfield>
    <subfield code="o">FP-00004-00008</subfield>
    <subfield code="p">CENDO_10979</subfield>
    <subfield code="r">2022-10-05 00:00:00</subfield>
    <subfield code="w">2022-10-05</subfield>
    <subfield code="y">DOCUMENTO</subfield>
  </datafield>
</record>
